[Event "Skopje op 18th"]
[Site "Skopje"]
[Date "2002.01.18"]
[Round "4"]
[White "Ivanisevic, Ivan"]
[Black "Bogdanovski, Vlatko"]
[Result "1-0"]
[WhiteElo "2540"]
[BlackElo "2435"]
[Annotator "Golod,V"]
[PlyCount "123"]
[EventDate "2002.01.15"]
[EventType "swiss"]
[EventRounds "9"]
[EventCountry "MKD"]
[SourceTitle "CBM 088"]
[Source "ChessBase"]
[SourceDate "2002.03.21"]
[SourceVersion "1"]
[SourceVersionDate "2002.03.21"]
[SourceQuality "1"]

1. d4 Nf6 2. c4 e6 3. Nc3 Bb4 4. Qc2 d6 5. Nf3 Nbd7 6. g3 b6 $5 {[%csl Gb4,Re4]
[%cal Gc8b7,Gb7e4,Gf6e4]} (6... O-O $143 7. Bg2 e5 8. O-O $14) 7. Bg2 Bb7 8.
O-O Bxc3 9. Qxc3 O-O 10. b3 $5 {White's plan is: Bb2,Rad1or Rfd1and d5.} c5 $5
({Is a possible continuations of the play:} 10... Qe7) (10... a5 $5) (10... Rb8
$5 {[%csl Rb7,Yb8][%cal Yb8b7,Gf6e4]}) (10... Re8) (10... Ne4 $6 11. Qc2 {
[%csl Rb7][%cal Gf3g5]} Qc8 12. Rd1 $14 {[%cal Gd4d5]}) ({and} 10... Qc8 $6 11.
Bb2 Be4 12. Rad1 {Is the first game in this variation!!!} (12. Bh3 $5 c6 13.
Nd2 Bg6 14. Ba3 c5 15. Bg2 Rb8 16. e4 e5 17. dxe5 dxe5 18. f4 $36 {Giorgadze,
T-Kavalek,L/Hannover,1983(1-0)(78)}) 12... Qb7 13. Bh3 Rad8 14. Ng5 h6 15. Nxe4
Qxe4 16. f3 $1 Qg6 (16... Qxe2 $4 17. Rfe1 {[%csl Re2]}) 17. e4 {[%csl Gb2,Gc4,
Gd4,Ge4,Gh3] +/=/+/- Donner,J-Golombek,H/Venice,1950(1-0)(49)}) 11. Bb2 Qc7 $5
$146 ({Was checked in the previous games:} 11... Rc8 $5 12. Rfd1 {[%csl Rg7]
[%cal Gd4d5]} Qe7 $1 {קe2} (12... d5 $6 13. dxc5 $1 bxc5 (13... Rxc5 $4 14.
Ba3 Ne4 15. Qe3 $18) (13... Nxc5 14. Qe3 $14) 14. e3 $14) 13. d5 $5 $13 {
You can see comments to Greenfeld,A-Kurajica,B/Belgrade,1999/CBM 69(1-0)(Golod,
V)(43)}) ({Pretty dubiously:} 11... Ne4 {because of:} 12. Qe3 {[%csl Re4][%cal
Gf3g5]} f5 13. dxc5 $1 {and white has a big positional advantage.} (13. Ng5 $2
cxd4 14. Bxd4 e5 15. Bb2 f4 $1 {[%csl Rg5]} 16. gxf4 exf4 17. Qh3 $8 Qxg5 (
17... Nxg5 $2 18. Qc3 $14 {[%csl Rb7,Rg7]}) 18. Qxd7 Nc5 19. Qh3 f3 $1 $17)) (
11... Qe7 $5) ({and} 11... cxd4 $6) 12. Rfd1 {[%csl Rg7][%cal Gd4d5]} Be4 {
/^a8-h1.In my opinion,black have chosen the wrong plan.} ({It deserves
attention:} 12... Rfe8 {[%csl Re2]}) 13. Rac1 ({Now,not suitable moment for:} 
13. d5 exd5 14. cxd5 Qb7 (14... Rfe8 $5) 15. Nh4 Bxg2 16. Nxg2 Rfe8 $13) 13...
Qb7 $6 {[%csl Gb7,Ge4][%mdl 16384] Black continue the incorrect strategy.} (
13... Rfe8 $5) 14. dxc5 $1 {בd;point d6.} dxc5 15. Rd2 $5 {<->d;/\Rad1 and
Rxd7(><g7)} ({Also good enough:} 15. Rd6 $5 {[%cal Gc1d1]} Rfd8 16. Rcd1 Ne8
17. Bf1 {[%csl Rg7][%cal Gf3e5,Gf3g5]}) 15... Rfe8 16. Rcd1 $14 {[%csl Rg7]
[%cal Gd2d7]} Re7 ({A little worse is:} 16... e5 17. Bh3 Bc6 18. Qe3 $36) 17.
Bh3 Bc6 ({After:} 17... Bxf3 $6 18. exf3 {[%csl Gb2,Gh3] white has two bishops
and control over centre.}) 18. Ne5 Nxe5 19. Qxe5 h6 20. g4 $6 {[%mdl 16384]} ({
Can be recommended:} 20. a3 $5 {[%cal Gb3b4]}) ({or} 20. f3 $5 {[%cal Ge2e4]})
20... Qc7 21. Rd6 $5 ({After:} 21. Qxc7 Rxc7 22. Rd8+ Rxd8 23. Rxd8+ Kh7 24.
Bxf6 gxf6 25. Bg2 $14 {white save a positional advantage in the endgame.})
21... Ne8 22. g5 $6 {It is more logically to not spoil pawns chain:} (22. Rxc6
$5 Qxc6 23. Bg2 Qc8 24. Bxa8 (24. g5 $143 hxg5 (24... f6 $6 25. gxf6 gxf6 (
25... Nxf6 26. Bxa8 Qxa8 27. f3 $14) 26. Qe3 Rb8 27. Qxh6 $40) 25. Bxa8 (25.
Qxg5 $6 {see the game.}) 25... Qxa8 26. Qxg5 f6 $11) 24... Qxa8 25. h4 $14 {
[%cal Gg4g5]}) 22... hxg5 23. Rxc6 Qxc6 24. Bg2 Qc8 25. Qxg5 $6 {Too
optimistically.} (25. Bxa8 $142 Qxa8 26. Qxg5 f6 $11) 25... f6 26. Qg6 Rb8 27.
Be4 {[%csl Rg8]} f5 $6 {There is no sense to open the bishop "b2".Was more
essentially:} (27... Rd7 $5) 28. Bf3 Qc7 {[%cal Gb8d8]} 29. Kh1 {[%cal Gd1g1]
Now Ivan Ivanisevic has a sufficient compensation.} Rd8 30. Rg1 Rd2 31. Bc1 $1
Qd6 $5 ({Pretty dubiously:} 31... Rxa2 $6 {in view of:} 32. Bg5 Rb2 33. Rg3 $40
{/\Rh3,Qh5-h8(עg8)}) 32. Bxd2 Qxd2 33. Kg2 {/\e3,Rd1} Nf6 (33... Qxa2 $2 {
is refuted by:} 34. Rd1 Qxb3 35. Rd8 Qa4 36. e4 $1 {It's best move!} (36. Bh5
$5) 36... fxe4 37. Bh5 Kf8 38. Qxe4 $16) 34. e3 {[%cal Gg1d1]} Qd8 {[%cal
Ge7d7,Gd7d2] Queen has returned home,now a rook begin active actions.} ({
Again badly:} 34... Qxa2 $2 {because of:} 35. Rd1 Rf7 36. h4 $40 {[%cal Gh4h5,
Gh5h6]}) 35. Kh1 {[%csl Rg8][%cal Gg6f6]} Kf8 36. h4 Rd7 $11 37. Qg3 $6 (37.
Rg2 $142 {[%cal Gh4h5,Gh5h6]}) 37... Qc7 38. Qg5 $6 ({After:} 38. Qxc7 Rxc7 39.
Rd1 Rd7 {position of black,as the minimum,is not worse.}) ({It deserves
attention:} 38. Qh3 Rd2 $140 39. h5 Rxf2 40. h6 g5 $8 (40... Ng4 $4 {[%csl Rh1]
[%cal Gf2h2]} 41. Bxg4 Qc6+ 42. Bf3 $1 Rxf3 (42... Qxf3+ 43. Qxf3 Rxf3 44. Kg2
$1 $18 {[%csl Gh6][%cal Gh6h7,Gh7h8]}) 43. hxg7+ Ke7 $8 44. Qh4+ Kd6 (44... Kd7
45. Rd1+ $18) 45. Rd1+ Ke5 46. Rd5+ $1 exd5 47. Qe7+ (47. g8=Q $5) 47... Qe6
48. Qxe6+ Kxe6 49. g8=Q+ $18) 41. Rxg5 Rxa2 42. Rg6 Ra1+ 43. Kg2 Ra2+ (43...
Qe5 $2 44. Qg3 (44. h7 $143 Qb2+ 45. Kg3 Qe5+ (45... Rg1+ $2 46. Kf4 Rxg6 47.
h8=Q+ $18) 46. Kg2 Qb2+ $11) 44... Ra2+ 45. Kh3 Qxg3+ 46. Kxg3 Kf7 47. Rg7+ Kf8
48. Rc7 Kg8 49. Re7 $14 {[%csl Re6][%cal Gg3f4,Gf4e5,Gf4g5]}) 44. Kh1 Ra1+ $11)
38... Rd2 {[%csl Rf2]} 39. Kg2 Qe7 (39... Rxa2 $6 40. h5 $44 {[%cal Gh5h6]})
40. Qg3 e5 41. Rd1 Rxd1 $6 ({At last,it was necessary to take away this pawn:} 
41... Rxa2 42. Qg6 $140 f4 $15) 42. Bxd1 $11 Ne4 $6 ({It was a little better:} 
42... Qd7 43. Bf3 f4 44. exf4 e4 45. Be2 Qd2 46. Qe3 Qxa2 $11) 43. Qg6 Qf6 (
43... Qd7 $6 44. Bc2 $140 Nxf2 (44... Nd6 $142) 45. Qxf5+ (45. Bxf5 $2 Qd2 $40)
45... Qxf5 46. Bxf5 Nd1 47. Kf3 Nc3 48. a3 {[%csl Rc3][%cal Gf3f2,Gf2e1,Ge1d2]}
) 44. Qh7 Ke7 ({Leads to equality:} 44... Qe6 $5 45. Bc2 Nd6 46. Qh8+ Qg8 47.
Qh5 Qe6 {[%csl Ye6]}) 45. Bf3 Nc3 46. a3 Nb1 $6 (46... Kd7 $142) 47. Bh5 Nc3 {
It is better to recognize the mistake in time.} (47... Nxa3 $6 48. Qg8 {
[%csl Ra7,Rb6,Re7][%cal Gg8e8,Gg8b8]} a5 49. Qe8+ Kd6 50. Qb8+ Kd7 51. Qb7+ Kd8
52. Bf7 $36 {[%csl Rd8]}) 48. Qg8 Qf8 49. Qxf8+ Kxf8 {[%mdl 4096]} 50. Bg6 Nb1
$4 {This serious mistake leads a black to bad position.It was necessary:} (
50... f4 51. Kf3 (51. exf4 $6 Ne2 $1 52. Kf3 Nxf4 53. Bf5 Ke7 $11) 51... fxe3
52. Kxe3 {[%csl Rc3]} b5 $8 {[%cal Gb5b4]} 53. Kd3 b4 54. axb4 cxb4 55. c5 Ke7
$11) 51. Bxf5 Nxa3 52. Bd3 {[%csl Ra3,Yd3]} a6 53. Kf3 Ke7 54. Ke4 Ke6 55. f4
exf4 56. exf4 b5 $2 ({More stubborn resistance after:} 56... g6 $8 {[%csl Yg6]
[%cal Yg6f5]} 57. Ke3 {[%csl Ra3][%cal Ge3d2,Gd2c3,Gc3b2]} (57. f5+ $2 gxf5+
58. Kf4 Kf6 59. Bxf5 b5 60. Bd3 bxc4 61. bxc4 Nxc4 $1 62. Bxc4 Kg7 $11 {
[%csl Gc4,Yh8][%cal Yg7h8]}) 57... Kf6 58. Kd2 b5 59. Kc3 b4+ 60. Kd2 a5 61.
Ke3 Kf7 62. Kf3 (62. Ke4 Ke6 $140 63. f5+ gxf5+ 64. Kf4 Kf6 65. h5 a4 $1 (65...
Kg7 $2 66. Kg5 $1 {[%cal Gh5h6]}) 66. bxa4 b3 67. a5 b2 68. a6 Nxc4 69. Bxf5
Ne3 70. Bb1 Nd5+ 71. Kg4 Nc7 72. a7 Kg7 73. Kf3 Kh6 74. Bg6 b1=Q (74... Kg5 75.
Ke3 c4 76. Kd2 c3+ 77. Kc2 Kh6 78. Kb3 $1 {[%cal Gb3b4,Gb4c5,Gc5b6]} b1=Q+ 79.
Bxb1 Kxh5 80. Kb4 Kg5 81. Kc5 Kf6 82. Kc6 Na8 83. Kb7 $18) 75. Bxb1 Kxh5 76.
Be4 $1 {[%csl Ge4]} Kg5 77. Ke3 Kf6 78. Kd3 Ke5 79. Bg2 Ke6 80. Kc4 Kd6 81. Bb7
$22 $18) 62... Kf6 63. Kg4 a4 64. bxa4 b3 65. a5 b2 66. a6 Nxc4 67. a7 Nb6 68.
h5 gxh5+ 69. Kxh5 c4 70. Bb1 c3 71. Kg4 {[%csl Ga7,Rb2,Rc3,Gf4]} Ke6 72. f5+
Kd5 73. Kg5 $1 {/\Kg6,f6 and so on.} (73. f6 $2 Ke6 74. Kg5 Kf7 75. Kf5 Na8 76.
Ke5 Nc7 $11 {[%csl Ra7,Yc7,Re5][%cal Yc7b5]}) 73... Kc6 74. f6 Kb7 75. f7 Nd7
76. Kf5 Kxa7 77. Ke6 Nf8+ 78. Ke7 {[%csl Yb1,Ge7,Rf8][%cal Gb1h7]}) 57. f5+ $1
Kf6 (57... Kd6 $144 58. h5 {[%cal Gf5f6]} bxc4 59. bxc4 Ke7 60. Kd5 {[%csl Rc5]
}) 58. Kd5 $18 bxc4 59. bxc4 a5 60. Kxc5 Ke5 61. h5 Kf6 62. Kd5 {[%csl Gc4,Gf5,
Gh5][%cal Gc4c5,Gc5c6]} 1-0

[Event "EU-ch 6th"]
[Site "Warsaw"]
[Date "2005.06.26"]
[Round "8"]
[White "Gagunashvili, Merab"]
[Black "Iordachescu, Viorel"]
[Result "0-1"]
[WhiteElo "2547"]
[BlackElo "2609"]
[Annotator "Golod,V"]
[PlyCount "94"]
[EventDate "2005.06.18"]
[EventType "swiss"]
[EventRounds "13"]
[EventCountry "POL"]
[SourceTitle "CBM 108"]
[Source "ChessBase"]
[SourceDate "2005.09.26"]
[SourceVersion "1"]
[SourceVersionDate "2005.09.26"]
[SourceQuality "1"]

1. d4 Nf6 2. c4 e6 3. Nc3 Bb4 4. Qc2 O-O 5. a3 Bxc3+ 6. Qxc3 b5 7. cxb5 c6 8.
Bg5 cxb5 9. e3 Bb7 10. f3 $6 {This move does not give big problems for Black.}
(10. Nf3 $5 {It's the main line.You can see my comments to Xu Jun-Wang Rui/
Yongchuan,2003/CBM 97(1-0)(39)}) 10... h6 $5 {Other alternatives, that were
checked in this position, are:} (10... a6) ({and} 10... Nc6) 11. Bh4 $146 (11.
Bxf6 $5 {You can see my annotations to game: Kramnik,V-Adams,M/Dortmund,1998/
CBM 66(1/2-1/2)(41)}) 11... a6 12. Bd3 Nc6 13. Ne2 Nd5 {Maybe better was to
start from:} (13... Rc8 $5 14. Qd2 {and now:} Ne4 15. Bxd8 Nxd2 16. Kxd2 Rfxd8
17. b4 $14) 14. Bxd8 Nxc3 15. Nxc3 ({Could be recommended:} 15. Bc7 $5 Nd5 16.
Bd6 Rfc8 (16... Nxe3 $143 17. Bxf8 Kxf8 18. Kf2 $14) 17. e4 Ne3 18. Kf2 Nc4 19.
Bxc4 bxc4 20. Ke3 {with stable advantage of White.}) 15... Rfxd8 16. b4 $14 {
[%csl Ra6,Rb5][%cal Gd3a6] From opening game directly over to the ending. In
this position White keeps little, but long-time and stable advantage thanks to
better pawn structure and space advantage.} Kf8 {Black prefers a passive
defence. He could try to use his development advantage and create counterplay:}
(16... d5 $5 {/\e5} 17. f4 f6 $132 {[%csl Rd4][%cal Ge6e5]}) 17. Kd2 Ke7 18.
Rhb1 Rdb8 19. g4 {In addition to this move White could choose between two
options:} (19. a4 $5 bxa4 20. Rxa4 {קa6 +/=}) ({or plan from a game:} 19. Rb2
$5 {[%cal Ga1b1,Ga3a4]}) 19... Bc8 (19... d6 $142) 20. Rb2 $6 {White plays
very inconsistently. Good continuation of his kingside pawn strategy was:} (20.
h4 $5 Bb7 21. f4 $16) 20... d5 {[%cal Gf7f6,Ge6e5,Ye7d6] Black chose to fixate
the pawn structure in the centre. From one side, he weakened "c5" square, from
another side now he could return to his plan with e5.} 21. Rab1 Bd7 22. Ne2 Kd6
23. Rc1 Rc8 ({For the present, not enough for equality:} 23... e5 24. Rc5 Re8
25. Nc3 exd4 26. exd4 $14) 24. Rc5 Nd8 (24... e5 $6 25. Rbc2 exd4 26. Nxd4 Nxd4
27. exd4 $14) 25. Nc3 Nc6 26. Kc2 {Before starting any active operations in
the centre, White transfers his king to "b3".} Rcb8 (26... f6 $5) 27. Kb3 Nd8
28. e4 Nc6 29. Ne2 ({Interesting to check:} 29. e5+ $5 Ke7 30. Ne2 f6 31. Rbc2
Rc8 32. f4 g5 33. exf6+ Kxf6 34. f5 $14 {and White continues to keep his
advantage.}) 29... g5 30. Kc3 $6 ({Seems good enough:} 30. e5+ $5 Ke7 31. Rbc2
Rc8 32. Kc3 f6 33. exf6+ Kxf6 34. Kd2 Ne7 35. Ng3 $14) 30... f6 31. Kd2 Rh8 {
[%csl Rh2][%cal Gh6h5] Black's position in the centre is very tough and he
starts to think about counterplay.} 32. Ke3 h5 $11 33. gxh5 $2 {Confusion. It
seems that Merab Gagunashvili was in time-trouble and couldn't reform himself
for defense. During the next few moves his position totally collapses.} (33. h3
$142 hxg4 34. hxg4 Rh1 $11) 33... Rxh5 $15 {[%csl Rh2] Now Black has a strong
initiative on "h" file.} 34. Ng3 Rh4 35. Rbc2 Rah8 36. exd5 {White doesn't
want to suffer from a passive defense and tries to strain the game.} ({Another
option was:} 36. Nf1 $5) 36... Nxd4 37. dxe6 (37. Ne4+ $2 Rxe4+ 38. fxe4 (38.
Bxe4 Nxc2+ 39. Rxc2 exd5 $19) 38... Nxc2+ 39. Rxc2 exd5 40. Rf2 dxe4 41. Kxe4
Rh4+ 42. Ke3 Ke5 $19) 37... Nxc2+ 38. Rxc2 Bxe6 $17 39. Ne4+ Rxe4+ {It's not
clear why Black needed to return the material:} (39... Ke7 $5 40. Rc7+ Kd8 41.
Ra7 Rf4 42. Rxa6 Rh3 $17 {[%csl Rf3,Rh2]}) 40. Bxe4 f5 41. Bb7 $2 {Mistake.
The Bishop is placed badly on the queenside.} (41. Bd3 $8 $15) (41. Rc6+ $2 Kd7
$19) 41... Bc4 42. a4 (42. Kd4 $2 Kc7 43. Bd5 (43. Bxa6 Kb6 $19) 43... Rd8 44.
Rxc4+ bxc4 45. Kxc4 Rh8 $19) 42... Ke5 43. f4+ ({Also bad:} 43. Rg2 bxa4 44.
Rxg5 a3 45. f4+ Kf6 46. Rg1 Rb8 $19) 43... gxf4+ 44. Kf3 Rh7 $19 {Now the
white bishop is trapped.} 45. Bc6 (45. Bxa6 Bd5+ 46. Ke2 Rxh2+ 47. Kd1 Bb3 $19)
45... Rc7 46. axb5 axb5 47. Bxb5 (47. Ba8 Bd5+ 48. Bxd5 Rxc2 $19) 47... Bd5+
0-1

[Event "United Insurance 5th"]
[Site "Dhaka"]
[Date "2001.03.04"]
[Round "13"]
[White "Vakhidov, Tahir"]
[Black "Ehlvest, Jaan"]
[Result "0-1"]
[WhiteElo "2482"]
[BlackElo "2638"]
[Annotator "Golod,V"]
[PlyCount "54"]
[EventDate "2001.02.19"]
[EventType "tourn"]
[EventRounds "13"]
[EventCountry "BAN"]
[EventCategory "8"]
[SourceTitle "CBM 082"]
[Source "ChessBase"]
[SourceDate "2001.05.17"]
[SourceVersion "1"]
[SourceVersionDate "2001.05.17"]
[SourceQuality "1"]

1. c4 e6 2. Nc3 b6 3. d4 Bb4 4. Qc2 Bb7 5. a3 Bxc3+ 6. Qxc3 Nf6 {This position
usually turns out thus: 2...Nf6 3.d4 Bb4 4.Qc2 b6 5.a3 Bxc3+ 6.Qxc3 Nf6.} 7.
Bg5 {Besides,white has two principales moves:} (7. f3 {See comments to
Bykhovsky,A-Manor,I/Tel Aviv,1998/CBM 65(1/2-1/2)(Golod,V)(28)}) ({and} 7. Nf3
$5) 7... h6 ({Also possibly:} 7... O-O $5 {You can see comments to: Schandorff,
L-Wedberg,T/Munkebo,1998/CBM 67(1/2-1/2)(Wedberg)(39)}) 8. Bh4 g5 $5 {[%mdl 4]}
(8... d6 $5 {It's main line!} 9. f3 Nbd7 (9... g5 $6 10. Bf2 Nbd7 11. e4 Nh5
12. c5 $1 Ndf6 13. c6 Bc8 14. O-O-O $16 {Hochstein,U-Wegge,M/Bochum-ch,1991
(1-0)(29)}) 10. e4 c5 (10... e5 $5 11. Bd3 (11. d5 $143 Nxe4 $5 (11... a5 12.
Be2 a4 (12... Nxe4 $5 13. Bxd8 Nxc3 14. Bxc7 Nxe2 15. Nxe2 Ke7 16. Nc3 Rhc8 17.
Nb5 Rxc7 $1 18. Nxc7 Rc8 19. Nb5 Rxc4 $13) 13. Nh3 $2 (13. Bf2 $5) 13... Nxe4
14. Bxd8 Nxc3 15. Bh4 Nxe2 16. Kxe2 Ba6 $19 {Sobl,T-Gaprindashvili,V/WchJM-U14,
1995 (0-1)(24)}) 12. Bxd8 Nxc3 13. Bxc7 Ke7 14. bxc3 Rhc8 15. Bxd6+ Kxd6 $44)
11... Qe7 12. Ne2 O-O 13. O-O Rfe8 14. b4 Rab8 {[%csl Yb7][%cal Yb8b7,Gf6e4]}
15. Rab1 $2 (15. Bf2 $5) 15... Nxe4 16. Qe1 Nef6 $17 {Zezelj,V-Kristovic,M/
Open/Zagreb,1998(0-1)(55)}) 11. Bg3 d5 12. cxd5 exd5 13. Bd6 dxe4 14. dxc5 bxc5
15. Bb5 Qb6 16. Qe5+ Kd8 $13 {Pogorelov,R-Matamoros Franco,C/Sevilla,2001(1/
2-1/2)(33)}) ({Also it deserves attention:} 8... O-O) ({and} 8... c5) 9. Bg3
Ne4 {[%csl Rc3,Rg3]} 10. Qc2 ({Possibly and original deviation for white's
queen:} 10. Qf3 {[%csl Rb7]} d6 11. e3 Nd7 12. h4 Rg8 13. hxg5 hxg5 14. Bd3
Nxg3 (14... Nec5 $5 $15) 15. Qxg3 Qf6 16. Ne2 O-O-O 17. O-O-O $11 {Tiihonen,
I-Peltonen,B/Helsinki,1997(1-0)(52)}) 10... c5 $1 $146 {[%mdl 8] Strong
novelty of Jan Ehlvest.} ({Was checked in the previous games:} 10... d6 11. f3
(11. e3 $143 Nd7 12. Ne2 Qe7 13. Nc3 Nxg3 14. hxg3 h5 $11 {Forintos,
G-Marinelli,T/Chianciano,1989(1-0)(48)}) 11... Nxg3 12. hxg3 Qf6 (12... Nd7 $5
13. e4 Qf6 14. O-O-O O-O-O 15. Ne2 Qg6 $11 {Kantsler,B-Ludwikowski,D/
Bratislava,1993 (1-0)(49)}) (12... c5 $5 13. dxc5 dxc5 14. Nh3 Nc6 15. Qc3 Ke7
16. e3 Qd6 $11 {Tomaszewski,R-Pokojowczyk,J/Lubniewice, 1981(1/2-1/2)(22)}) 13.
e3 c5 14. dxc5 dxc5 15. Bd3 Qe5 $11 {Ostenstad,B-Malau,E/Jakarta,1997 (1-0)(39)
}) (10... h5 $143 11. Be5 f6 12. d5 fxe5 13. Qxe4 Qf6 14. Nf3 d6 15. h4 $13 {
Bode,U-Marinelli,T/Forli,1990(0-1)(36)}) 11. Be5 $6 ({It was better to play
more cautiously:} 11. e3 Nxg3 12. hxg3 cxd4 13. exd4 Qf6 14. Rd1 $11) ({
or unexpectedly to begin game on queen side:} 11. dxc5 bxc5 {[%csl Re1][%cal
Gd8a5]} 12. b4 $13) 11... f6 {Black weaken the king,but white considerably lag
behind in development.} 12. Bxb8 Rxb8 13. e3 ({Dubious:} 13. f3 Nd6 $140 14.
Qg6+ Kf8 $15 {[%csl Rc4] |^}) 13... cxd4 14. exd4 Rc8 {[%csl Rc2,Gc8] <->c
Jaan play rather logically and strongly.} 15. f3 $6 ({Can be recommended:} 15.
Nf3 $5 {=/=/+}) 15... Nd6 16. Bd3 f5 $15 17. Ne2 $6 {Again far not best move.}
(17. b3 $142 $5 {[%csl Yb3][%cal Gb3c4]}) 17... g4 $1 {[%csl Gb7,Gd8,Re1,Rf3,
Rg2] Now pressure black becomes even stronger.} 18. fxg4 ({Badly:} 18. Rf1 {
because of:} gxf3 19. gxf3 Qh4+) 18... Bxg2 19. Rg1 Qh4+ 20. Ng3 ({Much worse
is:} 20. Kd1 Bf3 21. gxf5 $140 Qxd4 $19) 20... Be4 $17 ({Also good enough:} 
20... Bh3 $5 21. Qf2 (21. gxf5 Bxf5 $17) 21... Bxg4 $17) 21. gxf5 $2 {Decisive
mistake.} ({More stubborn resistance after:} 21. Bxe4 $5 Rxc4 22. Qf2 fxe4 23.
Nxe4 Qxf2+ 24. Nxf2 Rf8 $17) 21... Rxc4 $1 {[%csl Rc2,Ge4] Apparently white
have missed from a kind this move.} 22. Qe2 Bxd3 23. Qxd3 Rxd4 $19 24. Qc3 ({
A little bit better is:} 24. Qf3 Qxh2 25. Rg2 Qh4 $19) 24... Rf8 25. Rd1 Re4+
26. Kf1 Rxf5+ $1 {"Final chord!"} 27. Nxf5 $140 Qf4+ {Whole this game despite
the white's mistakes Jann Ehlvest conducted very strong.} (27... Qf4+ {with
mate in 2 moves:} 28. Kg2 Re2+ 29. Kh1 (29. Kh3 Rxh2#) 29... Rxh2#) 0-1